Κατάλογος Βιβλιοθηκών Mediterranean College

Spectroscopy Europe: Informing European Spectroscopists for over 40 years / Learning Correct Sampling with Floor Tiles is Your Spectrometer Still 'Pharma Compliant'? (Record no. 9168)

MARC details
000 -LEADER
fixed length control field 00890cam a22001814a 4500
005 - ΗΜΕΡΟΜΗΝΙΑ ΚΑΙ ΩΡΑ ΤΕΛΕΥΤΑΙΑΣ ΕΝΗΜΕΡΩΣΗΣ
Πεδίο ελέγχου 20250605164355.0
008 - FIXED-LENGTH DATA ELEMENTS--GENERAL INFORMATION
Πεδίο ελέγχου σταθερού μήκους 250528s ||||||||||||||||||||||||d
035 ## - SYSTEM CONTROL NUMBER
System control number 24278
040 ## - ΠΗΓΗ ΚΑΤΑΛΟΓΟΓΡΑΦΗΣΗΣ
Φορέας πρωτότυπης καταλογογράφησης MC Athens Campus Library
Γλώσσα καταλογογράφησης Ελληνικά, Μοντέρνα (1453-)
Modifying agency MC Athens Campus Library
Κανόνες περιγραφικής καταλογογράφησης AACR2
245 1# - ΤΙΤΛΟΣ ΚΑΙ ΔΗΛΩΣΗ ΥΠΕΥΘΥΝΟΤΗΤΑΣ
Τίτλος Spectroscopy Europe: Informing European Spectroscopists for over 40 years / Learning Correct Sampling with Floor Tiles is Your Spectrometer Still 'Pharma Compliant'?
260 ## - PUBLICATION, DISTRIBUTION, ETC.
Name of publisher, distributor, etc. Impublications,
Date of publication, distribution, etc. 2020
300 ## - PHYSICAL DESCRIPTION
Extent 35
520 ## - SUMMARY, ETC.
Summary, etc. Editorial, News, Is Your Spectrophotometer Still 'Pharma Compliant'? A Review of the New European Pharmacopoelia 10th Edition, Tony Davies Column: Planning for EuroAnalysis 2021, Sampling Column: A Didactic Introduction to the Theory of Sampling: 2-D Sampling Experiment on Heterogeneous Floor Tiles, New Products, Diary.
700 1# - ΠΡΟΣΘΕΤΗ ΑΝΑΓΡΑΦΗ--ΦΥΣΙΚΟ ΠΡΟΣΩΠΟ
Personal name Michael Ian
9 (RLIN) 9442
942 ## - ADDED ENTRY ELEMENTS (KOHA)
Koha item type Περιοδικά Δημοσιεύματα
Holdings
Τύπος τεκμηρίου Βιβλιοθήκη Τρέχουσα τοποθεσία Barcode Ημερομηνία απόκτησης Ταξιθετικό σύμβολο Αριθμός αντιτύπου Αρίθμηση σειρών / χρονολογία Κατάσταση απόσυρσης Κατάσταση χαμένου Κατάσταση κατεστραμμένου Μη δανεισμός Σύνολο δανεισμών Ημερομηνία τελευταίας εμφάνισης Η τιμή ισχύει από
Περιοδικά Δημοσιεύματα MC Athens Campus Library MC Athens Campus Library 9780000091673 05/06/2025 SPECTROSCOPY EUROPE 1 32           05/06/2025 05/06/2025

MC Athens Campus Library
Πατησίων 94 & Κοδριγκτώνος 13, 104 34
Πελλήνης 8 & Πατησίων 107, 112 51
Τ: +30 210 8899600

MC Thessaloniki Campus Library
Ίωνος Δραγούμη 21, 54625 | Ίωνος Δραγούμη 15, 54625
Τ: +30 2310 287779 – Τ: +30 2314 440300